BSOP header

A manual of the Philippine national language / (Record no. 50033)

MARC details
000 -LEADER
fixed length control field 00806cam a2200265 i 4500
001 - CONTROL NUMBER
control field 14010820
005 - DATE AND TIME OF LATEST TRANSACTION
control field 20210812150850.0
008 - FIXED-LENGTH DATA ELEMENTS--GENERAL INFORMATION
fixed length control field 190313s2018 ph 000 0 eng d
020 ## - INTERNATIONAL STANDARD BOOK NUMBER
International Standard Book Number 9786218064553
020 ## - INTERNATIONAL STANDARD BOOK NUMBER
International Standard Book Number 6218064557
035 ## - SYSTEM CONTROL NUMBER
System control number (OCoLC)on1097194553
035 ## - SYSTEM CONTROL NUMBER
System control number 14010820
040 ## - CATALOGING SOURCE
Original cataloging agency EYM
Language of cataloging eng
Transcribing agency EYM
Modifying agency OCLCO
-- OCLCF
-- GZM
-- CtY
100 1# - MAIN ENTRY--PERSONAL NAME
Personal name Lopez, Cecilio,
Dates associated with a name 1898-1979.
245 12 - TITLE STATEMENT
Title A manual of the Philippine national language /
Statement of responsibility, etc by Cecilio Lopez.
250 ## - EDITION STATEMENT
Edition statement Second Edition.
260 ## - PUBLICATION, DISTRIBUTION, ETC. (IMPRINT)
Place of publication, distribution, etc Manila :
Name of publisher, distributor, etc Aklat ng Bayan,
Date of publication, distribution, etc c2018.
300 ## - PHYSICAL DESCRIPTION
Extent 330 pages ;
Dimensions 26 cm
336 ## - CONTENT TYPE
Content Type Term text
Content Type Code txt
Source rdacontent
337 ## - MEDIA TYPE
Media Type Term unmediated
Media Type Code n
Source rdamedia
338 ## - CARRIER TYPE
Carrier Type Term volume
Carrier Type Code nc
Source rdacarrier
650 #0 - SUBJECT ADDED ENTRY--TOPICAL TERM
Topical term or geographic name as entry element Tagalog language
General subdivision Grammar.
650 #7 - SUBJECT ADDED ENTRY--TOPICAL TERM
Topical term or geographic name as entry element Tagalog language
General subdivision Grammar.
Source of heading or term fast
942 ## - ADDED ENTRY ELEMENTS (KOHA)
Source of classification or shelving scheme Library of Congress Classification
Item type Books
Holdings
Withdrawn status Lost status Source of classification or shelving scheme Damaged status Not for loan Home library Current library Shelving location Date acquired Cost, normal purchase price Inventory number Total Checkouts Full call number Barcode Date last seen Price effective from Koha item type
    Library of Congress Classification     BSOP Library BSOP Library Filipiniana Reference 08/12/2021 250.00 46636   PL6053 C32 2018 00057763 08/12/2021 08/12/2021 Books
BSOP

Biblical Seminary of the Philippines
  All rights Reserved
  © 2024

CONTACT INFORMATION

Biblical Seminary of the Philippines,
  77-B Karuhatan Road, Valenzuela City,
  PHILIPPINES 1441
  Phone: +632 8292-6795 / 8292-6798
  Fax : +632 8292-6675
  Email: library@bsop.edu.ph